Statystyki dla Wszystkie tablice rejestracyjne w Polsce

Kliknij tutaj aby rozwiązać quiz!

Ogólne statystyki

  • Ten quiz został rozwiązany 27 razy
    (18 od ostatniego zresetowania)
  • Średni wynik to 44 z 61

Statystyki odpowiedzi

Co oznaczaTablica% Poprawnych
BiałystokBI
88%
powiat białostockiBIA
88%
ŁomżaBL
88%
powiat augustowskiBAU
81%
SuwałkiBS
81%
powiat bielskiBBI
75%
powiat hajnowskiBHA
75%
powiat łomżyńskiBLM
75%
BydgoszczCB
75%
powiat brodnickiCBR
75%
GrudziądzCG
75%
powiat grudziądzkiCGR
75%
powiat radziejowskiCRA
75%
powiat rypińskiCRY
75%
WałbrzychDB
75%
powiat bolesławieckiDBL
75%
powiat głogowskiDGL
75%
powiat górowskiDGR
75%
Jelenia GóraDJ
75%
powiat jaworskiDJA
75%
powiat jeleniogórskiDJE
75%
powiat kamiennogórskiDKA
75%
powiat kłodzkiDKL
75%
LegnicaDL
75%
powiat lubańskiDLB
75%
powiat legnickiDLE
75%
powiat lubińskiDLU
75%
powiat lwóweckiDLW
75%
powiat milickiDMI
75%
powiat oleśnickiDOL
75%
WrocławDW | DX
75%
powiat wrocławskiDWR
75%
powiat grajewskiBGR
69%
powiat kolneńskiBKL
69%
powiat monieckiBMN
69%
powiat sejneńskiBSE
69%
powiat siematyckiBSI
69%
powiat suwalskiBSU
69%
powiat zambrowskiBZA
69%
powiat aleksandrowskiCAL
69%
powiat bydgoskiCBY
69%
powiat chełmińskiCCH
69%
powiat golubsko-dobrzyńskiCGD
69%
powiat inowrocławskiCIN
69%
powiat lipnowskiCLI
69%
powiat mogileńskiCMG
69%
powiat nakielskiCNA
69%
powiat sępoleńskiCSE
69%
powiat świeckiCSW
69%
ToruńCT
69%
powiat tucholskiCTU
69%
WłocławekCW
69%
powiat wąbrzeskiCWA
69%
powiat włocławskiCWL
69%
powiat żnińskiCZN
69%
powiat wałbrzyskiDBA
69%
powiat dzierżoniowskiDDZ
69%
powiat sokolskiBSK
63%
powiat wysokomazowieckiBWM
63%
powiat toruńskiCTR
63%
powiat oławskiDOA
63%

Rozkład punktacji

Percentyl według liczby udzielonych odpowiedzi

Procent ludzi z każdym wynikiem

Twoja historia wyników

Nie rozwiązałeś tego quizu od ostatniego zresetowania